| 000 | 01050 a2200253 4500 | ||
|---|---|---|---|
| 001 | 235 | ||
| 005 | 20260407155416.0 | ||
| 008 | 260407a2006 arg spa d | ||
| 003 | AR-UNSa-BCEJYS | ||
| 040 |
_aAR-UNSa-BCEJYS _bspa _cAR-UNSa-BCEJYS |
||
| 080 |
_a330.101.541 _xMacroeconomía |
||
| 245 | 1 | 0 | _aMacroeconomía |
| 020 | _a978-84-95348-34-0 | ||
| 250 | _a6a. ed. | ||
| 264 | 1 |
_aBarcelona : _bAntoni Bosch _c2006 |
|
| 300 |
_a826 p. _c24 cm. |
||
| 505 | _a1. Introducción 2. La teoría clásica : la economía a largo plazo 3. La teoría del crecimiento: la economía a muy lñargo plazo 4. La teoría de los ciclos económicos: la economía a corto plazo 5. Los debates sobre la política económica 6. Mas sobre la microeconomía que subyace a la macroeconomía | ||
| 942 | _cBK | ||
| 590 | _aniveau_biblio:m niveau_hierar:0 | ||
| 100 | 1 | _aMankiw, N. Gregory | |
| 700 | 1 | _aRabasco, María Esther | |
| 700 | 1 | _aToharia Cortés, Luis | |
| 856 | 4 | 1 |
_uhttps://biblioeco.unsa.edu.ar/pmb/images/libros/Mankiw.jpg _yImagen de portada _qimage/jpeg |
| 999 |
_c150 _d150 |
||